Sexual ethics and Islam: feminist reflections on Qurʾan, Hadith, and jurisprudence
| Main Author: | |
|---|---|
| Format: | Print Book |
| Language: | English |
| Subito Delivery Service: | Order now. |
| Check availability: | HBZ Gateway |
| WorldCat: | WorldCat |
| Interlibrary Loan: | Interlibrary Loan for the Fachinformationsdienste (Specialized Information Services in Germany) |
| Published: |
Oxford
Oneworld Publ.
2008
|
| In: | Year: 2008 |
| Edition: | Repr. |
| Standardized Subjects / Keyword chains: | B
Ethics
/ Islamic law
/ Feminism (motif)
/ Koran
/ Hadith
B Koran / Hadith / Woman / Islamic law |
| Further subjects: | B
Islamic Ethics
B Sexual ethics Islamic countries B Sex Religious aspects Islamic countries |
MARC
| LEADER | 00000cam a2200000 c 4500 | ||
|---|---|---|---|
| 001 | 635921014 | ||
| 003 | DE-627 | ||
| 005 | 20251223223924.0 | ||
| 007 | tu | ||
| 008 | 100930s2008 xxk||||| 00| ||eng c | ||
| 020 | |a 1851684565 |9 1-85168-456-5 | ||
| 020 | |a 1851684557 |9 1-85168-455-7 | ||
| 020 | |a 9781851684564 |c (pbk.) |9 978-1-85168-456-4 | ||
| 020 | |a 9781851684557 |c (hbk.) |9 978-1-85168-455-7 | ||
| 035 | |a (DE-627)635921014 | ||
| 035 | |a (DE-576)304743429 | ||
| 035 | |a (DE-599)GBV635921014 | ||
| 035 | |a (OCoLC)603211340 | ||
| 035 | |a (OCoLC)603211340 | ||
| 040 | |a DE-627 |b ger |c DE-627 |e rakwb | ||
| 041 | |a eng | ||
| 044 | |c XA-GB | ||
| 050 | 0 | |a HQ32 | |
| 082 | 0 | |a 297.566 | |
| 084 | |a 6,23 |2 ssgn | ||
| 084 | |a 1 |a 0 |2 ssgn | ||
| 084 | |a BE 8612 |q BVB |2 rvk |0 (DE-625)rvk/10778: | ||
| 084 | |a BE 8623 |q BVB |2 rvk |0 (DE-625)rvk/10789: | ||
| 084 | |a BE 8632 |q BVB |2 rvk |0 (DE-625)rvk/10794: | ||
| 084 | |a 11.80 |2 bkl | ||
| 084 | |a 71.33 |2 bkl | ||
| 100 | 1 | |0 (DE-588)1046510371 |0 (DE-627)776554638 |0 (DE-576)399852484 |4 aut |a Ali, Kecia |d 1972- | |
| 109 | |a Ali, Kecia 1972- |a Ali, K. 1972- | ||
| 191 | |a 1 | ||
| 245 | 1 | 0 | |a Sexual ethics and Islam |b feminist reflections on Qurʾan, Hadith, and jurisprudence |c K. Ali |
| 250 | |a Repr. | ||
| 264 | 1 | |a Oxford |b Oneworld Publ. |c 2008 | |
| 300 | |a XXVIII, 217 S | ||
| 336 | |a Text |b txt |2 rdacontent | ||
| 337 | |a ohne Hilfsmittel zu benutzen |b n |2 rdamedia | ||
| 338 | |a Band |b nc |2 rdacarrier | ||
| 500 | |a Literaturverz. S. [193] - 212 | ||
| 583 | 1 | |a Archivierung prüfen |c 20200919 |f DE-640 |z 2 |2 pdager | |
| 583 | 1 | |a Archivierung prüfen |c 20240324 |f DE-4165 |z 1 |2 pdager | |
| 601 | |a Feminist | ||
| 650 | 4 | |a Sexual ethics |x Islamic countries | |
| 650 | 4 | |a Sex |x Religious aspects |x Islamic countries | |
| 650 | 4 | |a Islamic Ethics | |
| 689 | 0 | 0 | |d s |0 (DE-588)4015602-3 |0 (DE-627)106335987 |0 (DE-576)208912614 |2 gnd |a Ethik |
| 689 | 0 | 1 | |d s |0 (DE-588)1151921939 |0 (DE-627)101270016X |0 (DE-576)498151891 |2 gnd |a Islamisches Recht |
| 689 | 0 | 2 | |d s |0 (DE-588)4222126-2 |0 (DE-627)104499168 |0 (DE-576)210278633 |2 gnd |a Feminismus |
| 689 | 0 | 3 | |d u |0 (DE-588)4032444-8 |0 (DE-627)10626186X |0 (DE-576)208996842 |a Koran |2 gnd |
| 689 | 0 | 4 | |d s |0 (DE-588)1153832267 |0 (DE-627)1015344488 |0 (DE-576)500581940 |2 gnd |a Ḥadīṯ |
| 689 | 0 | |5 DE-101 | |
| 689 | 1 | 0 | |d u |0 (DE-588)4032444-8 |0 (DE-627)10626186X |0 (DE-576)208996842 |a Koran |2 gnd |
| 689 | 1 | 1 | |d s |0 (DE-588)1153832267 |0 (DE-627)1015344488 |0 (DE-576)500581940 |2 gnd |a Ḥadīṯ |
| 689 | 1 | 2 | |d s |0 (DE-588)4018202-2 |0 (DE-627)104270705 |0 (DE-576)208923209 |2 gnd |a Frau |
| 689 | 1 | 3 | |d s |0 (DE-588)1151921939 |0 (DE-627)101270016X |0 (DE-576)498151891 |2 gnd |a Islamisches Recht |
| 689 | 1 | |5 (DE-627) | |
| 935 | |a mteo | ||
| 935 | |i Blocktest | ||
| 936 | r | v | |a BE 8612 |b Darstellungen zum Koran, Einzelprobleme |k Theologie und Religionswissenschaften |k Religionswissenschaft |k Religionsgeschichte |k Islam |k Quellen |k Darstellungen zum Koran, Einzelprobleme |0 (DE-627)1270719432 |0 (DE-625)rvk/10778: |0 (DE-576)200719432 |
| 936 | r | v | |a BE 8623 |b Islam und Geschlecht, Gender Studies |k Theologie und Religionswissenschaften |k Religionswissenschaft |k Religionsgeschichte |k Islam |k Einzelprobleme zum Islam |k Islam und Geschlecht, Gender Studies |0 (DE-627)1401366708 |0 (DE-625)rvk/10789: |0 (DE-576)331366703 |
| 936 | r | v | |a BE 8632 |b Moraltheologie, islamische Ethik |k Theologie und Religionswissenschaften |k Religionswissenschaft |k Religionsgeschichte |k Islam |k Theologie |k Moraltheologie, islamische Ethik |0 (DE-627)1408574446 |0 (DE-625)rvk/10794: |0 (DE-576)338574441 |
| 936 | b | k | |a 11.80 |j Islam: Allgemeines |0 (DE-627)106404032 |
| 936 | b | k | |a 71.33 |j Frau |x Soziologie |0 (DE-627)106412671 |
| 951 | |a BO | ||
| CAN | |a 1 | ||
| ELC | |b 1 | ||
| ITA | |a 1 | ||
| LOK | |0 000 xxxxxcx a22 zn 4500 | ||
| LOK | |0 001 3218377641 | ||
| LOK | |0 003 DE-627 | ||
| LOK | |0 004 635921014 | ||
| LOK | |0 005 20090324105101 | ||
| LOK | |0 008 090324||||||||||||||||ger||||||| | ||
| LOK | |0 040 |a DE-21-31 |c DE-627 |d DE-21-31 | ||
| LOK | |0 541 |e 08/2062 | ||
| LOK | |0 852 |a DE-21-31 | ||
| LOK | |0 852 1 |c Ow VI b 18a |m p |9 00 | ||
| LOK | |0 938 |a 0903 |f E11 | ||
| LOK | |0 938 |k p | ||
| LOK | |0 939 |a 24-03-09 |b l01 | ||
| ORI | |a SA-MARC-ixtheoa001.raw | ||
| REL | |a 1 | ||
| STA | 0 | 0 | |a Ethics,Ethics,Moral philosophy,Philosophical Ethics,Ethics,Feminism (motif),Feminism,Feminist theory,Hadith,Hadith (Shiites),Islamic law,Koran,Muḥammad,Kur'an,Qur'an,Woman,Adult woman,Women,Women,Women in art |
| STB | 0 | 0 | |a Droit islamique,Femme,Femme,Femmes,Femmes,Féminisme (motif),Féminisme,Théorie féministe,Hadith,Hadith : collections chiites,Éthique,Éthique,Morale,Morale,Morale |
| STC | 0 | 0 | |a Derecho musulmán,Feminismo,Hadiz,Mujer,Mujer,Mujeres,Ética,Ética,Ética moderna |
| STD | 0 | 0 | |a Donna,Donna,Etica,Etica,Femminismo,Shari'a,Diritto islamico,Ḥadīth |
| STE | 0 | 0 | |a 伦理学,道德哲学,道德学,女人,女人,女残疾人土,妇女,女子,妇女,女子,女性主义,女权运动,女权主义 |
| STF | 0 | 0 | |a 伊斯蘭教法,倫理學,道德哲學,道德學,女人,女人,女殘疾人土,婦女,女子,婦女,女子,女性主義,女權運動,女權主義,聖訓 |
| STG | 0 | 0 | |a Feminismo,Hadith,Mulher,Mulher,Xaria,Ética,Ética |
| STH | 0 | 0 | |a Женщина (мотив),Женщина,Феминизм,Хадис,Шариат,Этика (мотив),Этика |
| STI | 0 | 0 | |a Γυναίκα (μοτίβο),Γυναίκα,Ηθική (μοτίβο),Ηθική,Σαρία,Φεμινισμός,Χαντίθ |
| SUB | |a CAN |a REL | ||
| SYG | 0 | 0 | |a Ethics,Moral,Morality,Moralphilosophie,Tugend,Wertethik,Ethische Theorie,Moral,Philosophische Ethik,Sittenlehre,Moralphilosophie , Islam,Sharia,Scharia,Šarīʿa,Scheriʿa,Scheriat , Feministische Theorie,Feministische Theorie , al- Qurʾān,Kur'ân,Qorān,Qor'ân,Qur'an,Qurʾān,Kuran,Kuran-ı kerim,al-Furqān,al- Furqān,al-Furqān,Koranio,al-Qurʾān,The Holy Qur'an,Gulanjing,Mushaf al-Madina an-nabawiyya al-murattal 'ala riwayat Hafs 'an Asim,al-Qurʾān al-karīm,Alcoranus Mahometicus,Coranus Arabice,Der Koran,Le Coran,The Qoran,The Holy Qurʾān,Il Corano,Qurʾān-i maǧīd,Qurʾān maǧīd,al-Muṣḥaf aš-šarīf,Muṣḥaf al-Madīna an-nabawiyya al-murattal ʿalā riwāyat Ḥafṣ ʿan Āṣim,Coran,al-Qur'an,Xuraan,القرآن,القرآن,ال فرقان,قرآن,古蘭經 , حديث,Hadith,Hadis , al- Qurʾān,Kur'ân,Qorān,Qor'ân,Qur'an,Qurʾān,Kuran,Kuran-ı kerim,al-Furqān,al- Furqān,al-Furqān,Koranio,al-Qurʾān,The Holy Qur'an,Gulanjing,Mushaf al-Madina an-nabawiyya al-murattal 'ala riwayat Hafs 'an Asim,al-Qurʾān al-karīm,Alcoranus Mahometicus,Coranus Arabice,Der Koran,Le Coran,The Qoran,The Holy Qurʾān,Il Corano,Qurʾān-i maǧīd,Qurʾān maǧīd,al-Muṣḥaf aš-šarīf,Muṣḥaf al-Madīna an-nabawiyya al-murattal ʿalā riwāyat Ḥafṣ ʿan Āṣim,Coran,al-Qur'an,Xuraan,القرآن,القرآن,ال فرقان,قرآن,古蘭經 , حديث,Hadith,Hadis , Frauen,Frauendarstellung,Frauengestalt,Frauenbild,Erwachsene Frau,Weib,Weibliche Erwachsene,Frauen , Islam,Sharia,Scharia,Šarīʿa,Scheriʿa,Scheriat |



